Films avec Aure Atika par image - Statistiques

Statistiques générales
  • Ce quiz a été pris 23 fois
  • Le résultat moyen est 4 sur 16
Statistiques - réponses
Par images Réponse % Correct
La Vérité si je mens !
87%
OSS 117 : Le Caire, nid d'espions
78%
10 jours encore sans maman
30%
De battre mon cœur s'est arrêté
30%
Comme t'y es belle !
26%
Bimboland
22%
Mademoiselle Chambon
17%
La Faute à Voltaire
13%
Le Répondeur
13%
Le Convoyeur
9%
Le Skylab
9%
L'Un dans l'autre
9%
Papa Was Not a Rolling Stone
9%
Tout pour être heureux
4%
Trafic d'influence
4%
Voir le jour
4%
Aucun quiz correspondant
Distribution des résultats
% des personnes avec chaque résultat
Percentile par nombre de réponses
Votre historique - résultats
Vous n’avez pas pris ce quiz